00788naa a2200181 i 45000010005000000030009000050050017000140080040000310400021000711000136000922450057002285000021002856500021003066500017003276550028003446550031003727730203004039939KOSZ 00520180412102401.0151119s2009 pl fqf d |000 0 pol  cBPKdKOSZ 005/HR aDUER, Stanisław.d2003 - .bPolitechnika Koszalińska - Wydział Mechaniczny,cKatedra Zastosowań Elektroniki i Elektrotechniki10aBadanie silnika prądu stałego /cStanisław Duer. aDane z autopsji. 0aElektrotechnika. 0aElektronika. 0aDokumenty elektroniczne 0aPodręczniki akademickie. iW : tPodstawy elektrotechniki i elektroniki dla nieelektryków. T. 2, Laboratorium. [CD] / pod red. Jerzego Smyczka. -dKoszalin : Wydaw. Uczelniane Politechniki Koszalińskiej, 2009. -gs. 15-50